000 00390nam a2200145Ia 4500
008 100122s9999 xx 000 0 und d
082 _b34341
_a823
100 _aGORDON RICHARD
245 _aTHE SUMMER OF SIR LANCELOF
260 _bHEINEMANN EDUCATION BOOKS LTD
_c1965
300 _a192
630 _aTHE SUMMER OF SIR LANCELOF
730 _aTHE SUMMER OF SIR LANCELOF
942 _cBOOK
999 _c370729
_d370726